000 nam a22 7a 4500
999 _c9799
_d9799
008 180208b ||||| |||| 00| 0 eng d
100 _aMonga,etal.
_95894
245 _aComposite Mathematics-VI
260 _aNew Delhi